000 01143cam a2200277 4500
001
008 020927n2003 000 0 eng u
020 _a1405100028
035 _a(Sirsi) u119885
041 _aeng.
050 _a658.45
_c18
100 _aEmmitt, Stephen
245 _aConstruction communication
260 _aOxford
_bBlackwell
_c2003
300 _ax, 212p.
_c25cm.
350 _a22.50
520 _aMany problems that arise in construction projects can be traced back to a failure to communicate clearly at an earlier stage. This text considers the main management and communication issues that influence the success of construction projects. It investigates communication issues across physical, organisational and cultural barriers and aims to present clear guidance and practical advice on how to achieve more effective communication.
650 _aCOMMUNICATION
650 _aCONSTRUCTION INDUSTRY
650 _aINTERPERSONAL SKILLS
650 _aGROUP COMMUNICATIONS
650 _aCONFLICT MANAGEMENT
690 _aBUILDING AND CONSTRUCTION-MANAGEMENT
700 _aGorse, Christopher A.
942 _n0
999 _c102428
_d102428